000 01216nam a22002777a 4500
003 OSt
005 20230109111247.0
007 cr ||||||a|c|a
008 221201s2021 mx a|||fom||| 001 0 spa d
040 _erda
100 1 _9185769
_aRodriguez Garcia, Deysi
245 1 _aPlantas medicinales en el relicto de selva alta perennifolia del "Rancho el Milagro", municipio de las Choapas, Veracruz /
_cpor Deysi Rodríguez García, director de tesis Erick Estrada Lugo.
264 1 _aChapingo, México :
_bEl autor,
_c2021.
300 _a1 recurso en línea (94 páginas).
_bcuadros, figuras.
336 _2rdacontent
_atexto
_btxt
337 _2rdamedia
_acomputadora
_bc
338 _2rdacarrier
_arecurso en línea
_bcr
502 _bIRNR
_cSuelos
_d2021.
_gLIC
504 _aIncluye referencias bibliográficas: páginas 50-62.
650 4 _938649
_aEtnobotánica
_zVeracruz
650 4 _9134568
_aBotánica médica
_xConservación
650 4 _9134567
_aBotánica médica
_xIdentificación
_zVeracruz
700 1 _938404
_aEstrada Lugo, Erick
_eDirector de tesis.
856 _uhttp://10.13.5.2/tesis/tl/2021_SU_Rodriguez_Garcia_Deysi.pdf
_zDESCARGAR PDF
942 _2Clasificación Universidad Autónoma Chapingo
_cTD
999 _c217909
_d217909